000 00834nac a22002897a 4500
001 BR0500490
003 BR-BrBNA
005 20240105123107.0
008 230509b bl.|||m| |||| 00| 0 por d
040 _aBR-BrBNA
_bpor
_cBiblioteca Nacional de Agricultura
072 _aF01
090 _a1190 BR0500490
100 1 _aRitzinger, R.
100 1 _aRitzinger, C.H.S.P.
100 1 _aKobayashi, A.K.
110 1 _aEMBRAPA Mandioca e Fruticultura, Cruz das Almas, BA (Brasil)
245 1 _aPoda e condução da aceroleira
260 3 _aCruz das Almas, BA (Brasil):
_c2003.
300 _a2 p.
490 _aAcerola em Foco (Brazil)
_vno. 3
_x
650 _aACEROLA
650 _aPODA
650 _aTUTORAMENTO
650 _aCONTROLE INTEGRADO
909 _a202312
_bLúcia Elande
_c55
_dLúcia Elande
942 _2AGRIS
_n0
_cMS
999 _c293961
_d293961